| 000 | 00705nam a2200229 a 4500 | ||
|---|---|---|---|
| 001 | 000018987 | ||
| 005 | 20200929165910.0 | ||
| 008 | 100521s1941 sp 000 p spa d | ||
| 040 |
_aDO-SdBNP _bspa _cBNPHU |
||
| 082 |
_a861.4 _bM519p |
||
| 100 | 1 |
_aMeléndez Valdés, Juan, _d1754-1817 _940858 |
|
| 245 | 1 | 0 |
_aPoesías / _cMeléndez Valdés. |
| 260 |
_aMadrid : _bEspasa-Calpe, _c1941. |
||
| 300 |
_a175 p. ; _c19 cm. |
||
| 490 | 1 |
_aClásicos castellanos _v64 |
|
| 504 | _aIncluye referencias bibliográficas y notas al pie de las páginas | ||
| 650 | 4 |
_aPoesía española _9631 |
|
| 650 | 4 |
_aLiteratura española _9632 |
|
| 830 | 0 |
_aClásicos castellanos _v64 _94180 |
|
| 910 | _aWM | ||
| 049 | _aBNGR | ||
| 999 |
_c18505 _d18505 |
||